[Event "POR-ch"]
[Site "?"]
[Date "1992.??.??"]
[Round "9"]
[White "Galego, Luis"]
[Black "Neto, Horacio"]
[Result "1-0"]
[WhiteElo "2385"]
[BlackElo "2215"]

1.e4 c5 2.Nf3 e6 3.Nc3 Nc6 4.d4 cxd4 5.Nxd4 a6 6.Nxc6 bxc6 7.Bd3 d5 8.O-O Nf6
9.e5 Nd7 10.Re1 Rb8 11.Qg4 Rb4 12.Qg3 Qc7 13.b3 h5 14.h3 h4 15.Qg5 Qd8 16.Qd2 Rb8
17.Nd1 Be7 18.Bb2 Nc5 19.Ne3 a5 20.Ng4 a4 21.Bc3 Ba6 22.Bxa6 Nxa6 23.Qf4 Rh5
24.Qxa4 Qb6 25.Qd4 Bc5 26.Qd2 Nb4 27.a3 Na6 28.b4 Be7 29.Qd1 Rh8 30.Rb1 Nc7
31.Bd4 Qa6 32.Rb3 Nb5 33.Qd3 Qa4 34.Bb2 Rd8 35.Nh2 Kf8 36.Nf3 Nc7 37.Bd4 Rb8
38.Be3 Qb5 39.Qd2 Qa6 40.Bg5 c5 41.Bxe7+ Kxe7 42.Qg5+ Kf8 43.bxc5  1-0

[Event "Porz op28"]
[Site "Porz"]
[Date "1992.??.??"]
[Round "5"]
[White "Hohelj, Stanislav"]
[Black "Szypulski, Andrzej"]
[Result "0-1"]
[WhiteElo "2285"]
[BlackElo "2395"]

1.e4 c5 2.Nf3 e6 3.Nc3 Nc6 4.d4 cxd4 5.Nxd4 Qc7 6.Be3 a6 7.Bd3 Nf6 8.Nb3 b5
9.O-O Ne5 10.Bd4 Bb7 11.Qe2 Ng6 12.e5 Nf4 13.Qd2 N6d5 14.Ne4 Bb4 15.Qd1 Be7
16.a4 O-O 17.axb5 axb5 18.Rxa8 Bxa8 19.Qg4 f5 20.exf6 Nxf6 21.Nxf6+ Bxf6
22.g3 Qc6 23.f3 Bxd4+ 24.Nxd4 Qc5 25.gxf4 Qxd4+ 26.Kg2 Rxf4 27.Qh5 g6 28.Qxb5 Rg4+
29.Kh1 Bxf3+  0-1

[Event "Porz op28"]
[Site "Porz"]
[Date "1992.??.??"]
[Round "7"]
[White "Vatter, Hans Joachim"]
[Black "Szypulski, Andrzej"]
[Result "1-0"]
[WhiteElo "2300"]
[BlackElo "2395"]

1.e4 c5 2.Nf3 e6 3.d4 cxd4 4.Nxd4 Nc6 5.Nc3 Qc7 6.Be3 a6 7.Nxc6 bxc6 8.Bd3 Nf6
9.O-O h5 10.h3 h4 11.Re1 e5 12.Na4 Rb8 13.c4 d6 14.Rc1 Nd7 15.b3 Nc5 16.Nxc5 dxc5
17.Be2 Be6 18.Bg4 Rd8 19.Qe2 Bxg4 20.Qxg4 Qd7 21.Qe2 Qe6 22.Red1 Bd6 23.Rd3 O-O
24.Rcd1 Be7 25.Rxd8 Rxd8 26.Rxd8+ Bxd8 27.Bxc5 Qd7 28.Qg4 Qxg4 29.hxg4 f6
30.Kf1 Kf7 31.Ke2 Ke6 32.b4 g6 33.a4 f5 34.gxf5+ gxf5 35.Kd3 Kf6 36.b5 axb5
37.cxb5 cxb5 38.axb5 Bc7 39.Ba7 Bd6 40.f3 Bb4 41.Kc4 Be1 42.Kd5 fxe4 43.fxe4 Kg5
44.Bb8 Bf2 45.Bxe5 Kg4 46.Bc7  1-0

[Event "Porz"]
[Site "Porz"]
[Date "1992.??.??"]
[Round "8"]
[White "Mainka, Romuald"]
[Black "Lau, Ralf"]
[Result "1-0"]
[WhiteElo "2550"]
[BlackElo "2520"]

1.e4 c5 2.Nf3 e6 3.d4 cxd4 4.Nxd4 Nc6 5.Nc3 Qc7 6.Be3 a6 7.Bd3 Nf6 8.O-O Be7
9.Kh1 d6 10.f4 Bd7 11.Qf3 Rc8 12.a4 h5 13.Nxc6 Bxc6 14.f5 exf5 15.Nd5 Bxd5
16.exd5 g6 17.Bd4 Qd7 18.Rae1 O-O 19.Qe3 Nxd5 20.Qh6 Bf6 21.Bxf5 gxf5 22.Re3 h4
23.Rff3 f4 24.Bxf6 Nxf6 25.Qg5+ Kh7 26.Rxf4  1-0

[Event "Prague DDM-C"]
[Site "Prague"]
[Date "1992.??.??"]
[Round "1"]
[White "Stratil, Petr"]
[Black "Liebert, Heinz"]
[Result "1/2-1/2"]
[WhiteElo "2255"]
[BlackElo "2380"]

1.e4 c5 2.Nf3 Nc6 3.d4 cxd4 4.Nxd4 e6 5.Nc3 a6 6.Nb3 Nf6 7.Bg5 Be7 8.f4 d6
9.Qf3 Qc7 10.O-O-O O-O 11.g4 b5 12.Bxf6 Bxf6 13.g5 Bxc3 14.Qxc3 Bb7 15.Kb1 Rac8
16.Qd2 Rfd8 17.Rg1 Qb6 18.Rg3 a5 19.Rh3 e5 20.f5 Nb4 21.Bd3 d5 22.exd5 Rxd5
23.c3 Nxd3 24.Rxd3 Rcd8 25.Qe2 Rxd3 26.Rxd3 Rxd3 27.Qxd3 Qg1+ 28.Kc2 Qxg5
29.Nxa5 h5 30.Nxb7  1/2-1/2

[Event "Bohemians (Women)"]
[Site "Prague"]
[Date "1992.??.??"]
[Round "9"]
[White "Grinfeld, Alla B"]
[Black "Sikora Gizynska, Bozena"]
[Result "1/2-1/2"]
[WhiteElo "2230"]
[BlackElo "2225"]

1.e4 c5 2.Nf3 Nc6 3.d4 cxd4 4.Nxd4 e6 5.Nc3 Qc7 6.Nb3 a6 7.f4 d6 8.Bd3 Nf6
9.O-O Be7 10.Kh1 b5 11.a3 O-O 12.Bd2 Rb8 13.Qe2 Bb7 14.Rae1 Nd7 15.Qh5 g6
16.Qh3 Bf6 17.Nd1 Bg7 18.Bc3 Rbe8 19.Bxg7 Kxg7 20.Nf2 f5 21.exf5 exf5 22.Qg3 Kh8
23.Nh3 Nc5 24.Nxc5 dxc5 25.c3 c4 26.Bb1 Nd8 27.Ng5 Bd5 28.Qf2 Qc6 29.Kg1 Kg8
30.Qh4 Qc7 31.Kh1 Qb7 32.Qg3 Qc6  1/2-1/2

[Event "Protvino"]
[Site "Protvino"]
[Date "1992.??.??"]
[Round "?"]
[White "Chernosvitov, Alexander"]
[Black "Zakharov, Alexander V"]
[Result "0-1"]
[WhiteElo "2405"]
[BlackElo "2365"]

1.e4 c5 2.Nf3 e6 3.d4 cxd4 4.Nxd4 Nc6 5.Nc3 d6 6.f4 Nf6 7.Nf3 a6 8.Bd3 b5
9.a3 Bb7 10.O-O Be7 11.Qe1 O-O 12.Kh1 b4 13.axb4 Nxb4 14.Be3 Rc8 15.Nd4 g6
16.Qg3 Nh5 17.Qg4 Nxd3 18.cxd3 f5 19.Qd1 Ng7 20.Qb3 Qd7 21.Rae1 Rb8 22.Qa2 Kh8
23.Nb3 Bf6 24.Bg1 Rfc8 25.Na4 Qb5 26.Nb6 Rc2 27.Rf2 Rxf2 28.Bxf2 fxe4 29.dxe4 Bd8
30.Nd4 Qxb6 31.f5 Bf6 32.fxe6 Bxd4 33.e7 Qxb2 34.Qc4 Qxf2 35.Rf1 Bxe4 36.Rxf2 Bxf2
37.Qxe4 d5 38.Qd3 Bc5 39.g3 Bxe7 40.Qxd5 Rd8 41.Qb7 Bf6 42.Qxa6 Bd4 43.Qd3 Nf5
44.Qe4 h5 45.Kg2 Rf8 46.Kh3 Kg7 47.g4 hxg4+ 48.Kxg4 Rb8 49.Qc6 Be5 50.Qd7+ Kf6
51.Qc6+ Bd6 52.Qc3+ Kf7 53.Kg5 Be7+ 54.Kf4 Rb4+ 55.Kf3 Bd6 56.h3 Rf4+ 57.Kg2 Nh4+
58.Kg1 Be5 59.Qc8 Kg7 60.Qd7+ Kh6 61.Qc8 Bd4+ 62.Kh2 Rf2+ 63.Kg3 Nf5+ 64.Kg4 Ne3+
65.Kh4 g5+ 66.Kg3 Nf5+ 67.Kg4 Rf4+  0-1

[Event "Ramat Hasharon"]
[Site "Ramat Hasharon"]
[Date "1992.??.??"]
[Round "1"]
[White "Liss, Eran"]
[Black "Slutzky, Leonid"]
[Result "1/2-1/2"]
[WhiteElo "2345"]
[BlackElo "2265"]

1.e4 c5 2.Nf3 Nc6 3.d4 cxd4 4.Nxd4 e6 5.Nc3 Qc7 6.Be3 a6 7.f4 b5 8.Nxc6 Qxc6
9.Bd3 Bb7 10.Qe2 b4 11.Nb1 Nf6 12.Nd2 Be7 13.O-O Rc8 14.Nc4 Qc7 15.e5 Nd5
16.Bd4 f5 17.Qh5+ Kf8 18.Rf3 Qd8 19.Raf1 Qe8 20.Qh3 Ba8 21.Nd6 Bxd6 22.exd6 Qf7
23.Rg3 Nf6 24.Rg5 Rg8 25.Bxa6 Rxc2 26.Qb3 Be4 27.Re1 Rc6 28.Be2 Nd5 29.Bh5 g6
30.Bf3 h6 31.Bxe4 fxe4 32.Re5 g5 33.fxg5 Rxg5 34.R5xe4 Kg8 35.Rf1 Qg6 36.Qf3 Rc8
37.Re2 Rf8 38.Qe4 Rxf1+ 39.Kxf1 Qxe4 40.Rxe4 Rh5 41.Kf2 Rxh2 42.Kg3 Rh1 43.Rh4 Rd1
44.Kf3 Rf1+ 45.Ke2 Rf8 46.Rxh6 Nf4+ 47.Ke3 Nxg2+ 48.Ke4 Rf4+ 49.Kd3 Ne1+
50.Ke3 Ng2+  1/2-1/2

[Event "Reggio Emilia9192-B"]
[Site "Reggio Emilia"]
[Date "1992.??.??"]
[Round "6"]
[White "Borgo, Giulio"]
[Black "Cebalo, Miso"]
[Result "1-0"]
[WhiteElo "2340"]
[BlackElo "2525"]

1.e4 c5 2.Nf3 e6 3.d4 cxd4 4.Nxd4 Nc6 5.Nc3 d6 6.Be3 Nf6 7.f3 Be7 8.Qd2 O-O
9.O-O-O a6 10.g4 Nxd4 11.Qxd4 Nd7 12.h4 b5 13.Kb1 Rb8 14.g5 b4 15.Ne2 a5
16.Qd2 Nc5 17.e5 d5 18.b3 a4 19.Nd4 Bd7 20.h5 Ra8 21.Bh3 Qa5 22.g6 fxg6 23.hxg6 axb3
24.cxb3 Rxf3 25.Nc6 Bxc6 26.Bxc5 Rxb3+ 27.Ka1 Bxc5 28.Bxe6+ Kf8 29.Qf4+ Ke8
30.Qf7+ Kd8 31.Rxd5+  1-0

[Event "EU-ch U16 Girls"]
[Site "Rimavska Sobota"]
[Date "1992.??.??"]
[Round "?"]
[White "Lomineishvili, Maia"]
[Black "Grabics, Monika"]
[Result "1/2-1/2"]
[WhiteElo "2055"]
[BlackElo "2145"]

1.e4 c5 2.Nf3 e6 3.d4 cxd4 4.Nxd4 Nc6 5.Nc3 Qc7 6.Be2 a6 7.Be3 Nf6 8.O-O Bb4
9.Bd3 Ne5 10.Bf4 d6 11.Nce2 Bc5 12.Nb3 b5 13.Nxc5 Qxc5 14.Be3 Qc7 15.a4 bxa4
16.Rxa4 O-O 17.h3 Bb7 18.f4 Nxd3 19.Qxd3 Bc6 20.Rb4 a5 21.Rd4 d5 22.e5 Ne4
23.c4 Qb7 24.f5 dxc4 25.Qxc4 Bd5 26.Qd3 Nc5 27.Qc2 Rac8 28.Nc3 Ne4 29.f6 g6
30.Rf4 Nxc3 31.bxc3 Qc7 32.Rxd5 exd5 33.Bd4 Rfe8 34.Qe2 Re6 35.Qe3 Kf8 36.Rh4 Rb8
37.Qh6+ Ke8 38.Qxh7 Rb1+ 39.Kf2 Rb2+ 40.Kf3 Kd8 41.Qg7 Re8 42.e6 Qh2 43.Rg4 Qh1
44.exf7 Qf1+ 45.Kg3 Rxg2+ 46.Kh4 Qe1+ 47.Kg5 Qd2+ 48.Kh4 Qe1+ 49.Kg5 Qd2+
50.Kh4 Qe1+  1/2-1/2

[Event "Rishon Le Ziyyon"]
[Site "Rishon Le Ziyyon"]
[Date "1992.??.??"]
[Round "1"]
[White "Gruenfeld, Yehuda"]
[Black "Votava, Jan"]
[Result "1-0"]
[WhiteElo "2510"]
[BlackElo "2435"]

1.e4 c5 2.Nf3 e6 3.d4 cxd4 4.Nxd4 Nc6 5.Nc3 Qc7 6.g3 a6 7.Bg2 Nf6 8.O-O d6
9.Re1 Bd7 10.Nxc6 bxc6 11.Na4 Rb8 12.c4 c5 13.Nc3 Be7 14.Bf4 e5 15.Bc1 O-O
16.h3 Be6 17.b3 Qd7 18.Kh2 Ne8 19.f4 f6 20.Be3 Qc6 21.g4 Bd8 22.Rf1 Ba5 23.Ne2 Nc7
24.f5 Bf7 25.h4 Kh8 26.Qd3 Bb6 27.Rad1 Rfd8 28.Ng3 Nb5 29.cxb5 axb5 30.Qd2 c4
31.Bxb6 c3 32.Rc1 Rdc8 33.Ba7 Ra8 34.Qf2 Qa6 35.Be3 Qxa2 36.Qxa2 Rxa2 37.b4 Rb2
38.Rf3  1-0

[Event "ROM-chT"]
[Site "?"]
[Date "1992.??.??"]
[Round "?"]
[White "Giurumia, Sorin"]
[Black "Miulescu, Gabriel"]
[Result "1-0"]
[WhiteElo "2385"]
[BlackElo "2280"]

1.e4 c5 2.Nf3 e6 3.d4 cxd4 4.Nxd4 Nc6 5.Nc3 a6 6.g3 Qc7 7.Bg2 Nf6 8.O-O d6
9.Re1 Bd7 10.Nxc6 bxc6 11.Na4 e5 12.c4 Be7 13.c5 dxc5 14.Be3 O-O 15.Bxc5 Bxc5
16.Nxc5 Rfd8 17.Qc2 Be8 18.Bf1 a5 19.Rad1 Qe7 20.Qc3 Rxd1 21.Rxd1 h5 22.b3 h4
23.Bg2 hxg3 24.hxg3 Ra7 25.Nd3 Qa3 26.Nxe5 Qxa2 27.Nxc6 Bxc6 28.Qxc6 Qxb3
29.Rd8+ Kh7 30.Qc5 Qb1+ 31.Bf1 Qe1  1-0

[Event "Salo op"]
[Site "Salo"]
[Date "1992.??.??"]
[Round "4"]
[White "Vetemaa, Juri"]
[Black "Kiik, Kalle"]
[Result "0-1"]
[WhiteElo "2395"]
[BlackElo "2395"]

1.e4 c5 2.Nf3 e6 3.d4 cxd4 4.Nxd4 Nc6 5.Nc3 d6 6.Be3 Nf6 7.Bb5 Bd7 8.f3 Be7
9.g4 a6 10.Bxc6 bxc6 11.Qd2 c5 12.Nde2 Bc6 13.g5 Nd7 14.Ng3 Ne5 15.Qe2 O-O
16.O-O-O Bb5 17.Qf2 Qa5 18.Kb1 Rfb8 19.Bc1 Bc4 20.Ka1 Rb7 21.f4 Rab8 22.Qe3 Ng4
23.Qd2 Nf2 24.b3 Bxb3 25.cxb3 Rxb3 26.Nge2 Nxe4 27.Qc2 Nxc3 28.Bd2 Rb2 29.Qxb2 Rxb2
30.Kxb2 Nxd1+  0-1

[Event "ARG-chT"]
[Site "Salta"]
[Date "1992.??.??"]
[Round "6"]
[White "Quiroga, Sergio"]
[Black "Dorin, Mauricio"]
[Result "1/2-1/2"]
[WhiteElo "2270"]
[BlackElo "2295"]

1.e4 c5 2.Nf3 e6 3.d4 cxd4 4.Nxd4 Nc6 5.Nc3 a6 6.Be2 Nge7 7.O-O Nxd4 8.Qxd4 Nc6
9.Qd3 Qc7 10.f4 b5 11.a3 Be7 12.Kh1 d6 13.Qg3 O-O 14.f5 Bf6 15.Bf4 Ne5 16.Rad1 Rb8
17.Rd4 Rb6 18.Bg5 Bxg5 19.Qxg5 f6 20.Qd2 Qe7 21.Rd1 Rd8 22.h3 Bb7 23.Qe3 Ba8
24.R1d2 Rbb8 25.Qg3 Bc6 26.Rd1 Rb7 27.Kh2 Rc7 28.R1d2 Rb7 29.Kh1 a5 30.fxe6 Qxe6
31.Nd5 Bxd5 32.Rxd5 Nf7 33.Qf4 Re8 34.Rxb5 Rxb5 35.Bxb5 Qxe4 36.Qxe4 Rxe4
37.Bc6 Re1+ 38.Kh2 Kf8 39.b4 axb4 40.axb4 Rb1 41.Rd4 f5 42.Bd5 Ne5 43.Bb3 Ke7
44.b5 Ra1 45.Rb4 Ra8 46.Bd5 Rb8 47.c4 Nd7 48.Rb2  1/2-1/2

[Event "San Copiapo"]
[Site "San Copiapo"]
[Date "1992.??.??"]
[Round "2"]
[White "Egger, Jorge"]
[Black "Valiente, Cristobal"]
[Result "0-1"]
[WhiteElo "2355"]
[BlackElo "2345"]

1.e4 c5 2.Nf3 Nc6 3.d4 cxd4 4.Nxd4 e6 5.Nc3 a6 6.Be3 Qc7 7.Bd3 Nf6 8.O-O Bd6
9.h3 h5 10.Nb3 Bh2+ 11.Kh1 Bf4 12.Bxf4 Qxf4 13.g3 Qc7 14.f4 d6 15.Qd2 b6
16.Rad1 Bb7 17.Be2 O-O-O 18.Bf3 Ne7 19.Qe2 d5 20.e5 Nf5 21.Kh2 Ng4+ 22.Bxg4 hxg4
23.h4 Qe7 24.Nd4 Nxg3  0-1

[Event "San Fernando op"]
[Site "San Fernando"]
[Date "1992.??.??"]
[Round "7"]
[White "Bronstein, Luis"]
[Black "Krogius, Nikolai V"]
[Result "1/2-1/2"]
[WhiteElo "2365"]
[BlackElo "2500"]

1.e4 c5 2.Nf3 e6 3.Nc3 Nc6 4.d4 cxd4 5.Nxd4 d6 6.g3 Nf6 7.Bg2 Be7 8.Nxc6 bxc6
9.e5 Nd5 10.exd6 Qxd6 11.Ne4 Qc7 12.c4 Nb6 13.O-O O-O 14.b3 e5 15.Bb2 Be6
16.f4 exf4 17.gxf4 f6 18.f5 Bf7 19.Qg4 Nd7 20.Rad1 Ne5 21.Qg3 Rad8 22.Bxe5 Qxe5
23.Qxe5 fxe5 24.Rxd8 Rxd8 25.Kf2 Rd4 26.Ke3 Kf8 27.Bf3 Be8 28.Be2 c5 29.f6 gxf6
30.Nxf6 Bg6 31.Nd5+ Ke8 32.Nxe7 Kxe7 33.h3 a5 34.Bg4 Rd3+ 35.Ke2 Rg3 36.Bf5 Rg2+
37.Ke3 Rxa2 38.Ke4 Bf7 39.Kxe5 Re2+ 40.Kf4 Rb2 41.Bxh7 Rxb3 42.Ra1 Bxc4 43.Rxa5 Rxh3
44.Rxc5 Kd6 45.Bf5 Rh4+ 46.Kg5  1/2-1/2

[Event "San Luis op"]
[Site "San Luis"]
[Date "1992.??.??"]
[Round "2"]
[White "Fernandez, Horacio"]
[Black "Spangenberg, Hugo"]
[Result "0-1"]
[WhiteElo "2225"]
[BlackElo "2305"]

1.e4 c5 2.Nf3 e6 3.d4 cxd4 4.Nxd4 Nc6 5.Nc3 Qc7 6.a3 Nf6 7.Be3 a6 8.Bd3 Ne5
9.h3 Ng6 10.Nb3 b5 11.Qe2 Bd6 12.g3 Bb7 13.f4 h5 14.Rf1 h4 15.e5 Nxe5 16.fxe5 Bxe5
17.Bf4 Bxc3+ 18.bxc3 Qxc3+ 19.Bd2 Qc6 20.Na5 Qc7 21.Nxb7 hxg3 22.Qg2 Qe5+
23.Kd1 Qxa1+ 24.Bc1 Qe5 25.Bf4 Qh5+ 26.Be2 Qd5+ 27.Qxd5 Nxd5 28.Bxg3 Ne3+
29.Ke1 Nxf1 30.Bxf1 d5 31.Kd2 Ke7 32.Nc5 f6 33.h4 Rhc8 34.Nd3 Rc4 35.Nb4 Rg4
36.Bf2 Kd6 37.Be2 Rg2 38.Ke3 a5 39.Nd3 e5 40.Kf3 Rxf2+ 41.Nxf2 b4 42.a4 Rc8
43.Bd1 Rc3+ 44.Kg2 e4 45.Kf1 f5 46.Ke2 d4 47.Ke1 Ke5 48.h5 f4 49.Ke2 f3+
50.Kf1 Kf4 51.Ke1 e3 52.Nd3+ Rxd3 53.cxd3 e2 54.Bb3 Ke3  0-1

[Event "Sao Paulo op"]
[Site "Sao Paulo"]
[Date "1992.??.??"]
[Round "?"]
[White "Milos, Gilberto"]
[Black "Fiorito, Fabian"]
[Result "1-0"]
[WhiteElo "2515"]
[BlackElo "2410"]

1.e4 c5 2.Nf3 e6 3.d4 cxd4 4.Nxd4 Nc6 5.Nc3 Nf6 6.Ndb5 d6 7.Bf4 e5 8.Bg5 a6
9.Na3 b5 10.Bxf6 gxf6 11.Nd5 Bg7 12.c3 f5 13.exf5 Bxf5 14.Nc2 Ne7 15.Nce3 Be6
16.g3 Nxd5 17.Nxd5 O-O 18.Bg2 a5 19.O-O Rb8 20.Qe2 Qd7 21.Rad1 f5 22.Rd2 Kh8
23.Qh5 Qf7 24.Qh4 e4 25.Rfd1 Bxd5 26.Rxd5 Be5 27.Qh6 b4 28.c4 b3 29.axb3 f4
30.Bxe4 fxg3 31.fxg3 Rxb3 32.Rb5 Qa7+ 33.Kh1 Rf6 34.Qxf6+ Bxf6 35.Rxb3 Qf2
36.Rb8+ Kg7 37.Rb7+ Kf8 38.Bg2 Ke8 39.Rf1 Qd4 40.b3 h5 41.Rb5 h4 42.Rd5 Qb2
43.Rxd6 Ke7 44.Rdxf6 hxg3 45.hxg3 Qxb3 46.Rf7+ Kd6 47.R1f6+ Kc5 48.Rf5+ Kd4
49.Rd7+ Kxc4 50.Bd5+  1-0

[Event "Schoeneck"]
[Site "Schoeneck"]
[Date "1992.??.??"]
[Round "2"]
[White "Schmitzer, Klaus"]
[Black "Schwarz, Peter"]
[Result "1/2-1/2"]
[WhiteElo "2320"]
[BlackElo "2290"]

1.e4 c5 2.Nf3 e6 3.d4 cxd4 4.Nxd4 Nc6 5.Nc3 a6 6.Nxc6 bxc6 7.Bd3 d5 8.O-O Nf6
9.Qe2 Be7 10.Bf4 O-O 11.Rad1 Nd7 12.Rfe1 d4 13.Nb1 e5 14.Bg3 Bd6 15.c3 c5
16.Nd2 Nb6 17.cxd4 cxd4 18.f4 exf4 19.Bf2 Be5 20.Nf3 Bg4 21.Bxa6 Bxf3 22.gxf3 Qf6
23.Bc4 Nxc4 24.Qxc4 Rfc8 25.Qd3 Rxa2 26.Re2 h5 27.Red2 Rb8 28.Kh1 Rbxb2 29.Rxb2 Rxb2
30.Bxd4 Bxd4 31.Qxd4 Qxd4 32.Rxd4 Rf2 33.Rd3 Re2 34.Rd8+ Kh7 35.Kg1 g5 36.h3 Kg7
37.Rd5 Kg6 38.Ra5 Rc2 39.Rb5 Rc8 40.Kg2 h4 41.Ra5 Re8 42.Rb5 f6 43.Ra5 Re5
44.Ra7 f5 45.Ra6+ Kg7 46.exf5 Rxf5 47.Rb6 Rf6 48.Rb5 Kg6 49.Ra5 Re6 50.Kf2 Kf6
51.Rb5 Rd6 52.Ra5 Rd2+ 53.Kg1 Re2 54.Rb5 Re5 55.Rb6+ Kf5 56.Kf2 Rc5 57.Rb8 Ke5
58.Rd8 Rd5 59.Rg8 Kd4 60.Ke2 Rc5 61.Rd8+ Kc3 62.Rg8 Kc2 63.Rd8 Kc3 64.Rd7 Ra5
65.Rc7+ Kd4 66.Rd7+ Ke5 67.Kf2 Ra2+ 68.Kg1 Ra1+  1/2-1/2

[Event "Sevilla op"]
[Site "Sevilla"]
[Date "1992.??.??"]
[Round "6"]
[White "Tal, Mihail"]
[Black "Illescas Cordoba, Miguel"]
[Result "1/2-1/2"]
[WhiteElo "2525"]
[BlackElo "2555"]

1.e4 c5 2.Nf3 e6 3.d4 cxd4 4.Nxd4 Nc6 5.Nc3 a6 6.Be3 Qc7 7.Bd3 Nf6 8.O-O Bd6
9.h3 Bf4 10.Qf3 Bxe3 11.Qxe3 Qb6 12.Nf5 Qxe3 13.Nxe3  1/2-1/2

[Event "SLO-ch"]
[Site "?"]
[Date "1992.??.??"]
[Round "?"]
[White "Riegler, Primoz"]
[Black "Podlesnik, Bogdan"]
[Result "1-0"]
[WhiteElo "2245"]
[BlackElo "2375"]

1.e4 c5 2.Nf3 Nc6 3.Nc3 e6 4.d4 cxd4 5.Nxd4 Nf6 6.Ndb5 d6 7.Bf4 e5 8.Bg5 a6
9.Na3 b5 10.Bxf6 gxf6 11.Nd5 f5 12.Bd3 Be6 13.O-O Bg7 14.Qh5 f4 15.c4 bxc4
16.Bxc4 O-O 17.Rac1 Kh8 18.Rfd1 Nd4 19.Nc2 Nxc2 20.Rxc2 Rg8 21.Rc3 Bf8 22.h3 a5
23.Nc7 Rg5 24.Nxe6 fxe6 25.Qf7 Rg6 26.Bxe6 Qg5 27.Bg4 Rg7 28.Qd5 Rd8 29.Qxa5 Be7
30.Qd5 Rdg8 31.Rdc1 Qf6 32.Kf1 Bd8 33.R1c2 Rg6 34.b4 Bb6 35.Rc8 Bd4 36.a4 h5
37.Rxg8+ Rxg8 38.Qe6 Qxe6 39.Bxe6 Rb8 40.Rc8+ Rxc8 41.Bxc8 Bc3 42.b5 Ba5
43.Ke2 Kg7 44.g3 Kf6 45.g4 hxg4 46.Bxg4 d5 47.Kd3 d4 48.Kc4 Bb6 49.Be2 Ke6
50.f3 Kd6 51.h4 Bd8 52.h5 Bg5 53.a5 Bh6 54.a6 Kc7 55.Kd5  1-0

[Event "SLO-ch"]
[Site "?"]
[Date "1992.??.??"]
[Round "?"]
[White "Grosar, Aljosa"]
[Black "Sermek, Drazen"]
[Result "1/2-1/2"]
[WhiteElo "2415"]
[BlackElo "2460"]

1.e4 c5 2.Nf3 Nc6 3.Nc3 e6 4.d4 cxd4 5.Nxd4 Nf6 6.a3 Be7 7.f4 d6 8.Nb3 O-O
9.Be3 a6 10.Qf3 Qc7 11.Bd3 b5 12.O-O Bb7 13.Qh3 b4 14.axb4 Nxb4 15.e5 dxe5
16.fxe5 Qxe5 17.Ra5 Bd5 18.Nxd5 exd5 19.Bd4 Qh5 20.Qxh5 Nxh5 21.Be2 Nf6 22.Bxf6 Bxf6
23.c3 Nc6 24.Rxd5 Rab8 25.Nd4 Nxd4 26.cxd4 Rb4 27.Bxa6 Bxd4+ 28.Kh1 Bxb2
29.Rb5 Rxb5 30.Bxb5 g6 31.Re1 Kg7 32.Re8 Rxe8 33.Bxe8 f5 34.Bc6 Kf6 35.g3 g5
36.Kg2 Ke5 37.Be8 Ke4 38.Bh5 Ke3 39.Bd1  1/2-1/2

[Event "SLO-chT"]
[Site "SLO"]
[Date "1992.??.??"]
[Round "?"]
[White "Zeleznik, Alojz"]
[Black "Jeras, Stane"]
[Result "1-0"]
[WhiteElo "2280"]
[BlackElo "2150"]

1.e4 c5 2.Nf3 e6 3.d4 cxd4 4.Nxd4 Nc6 5.Nc3 Qc7 6.g3 a6 7.Bg2 Nf6 8.O-O Be7
9.Nb3 O-O 10.a4 b6 11.f4 d6 12.Be3 Bb7 13.h3 Rac8 14.Qd2 Nd7 15.Ne2 Nc5 16.Nxc5 bxc5
17.c3 Na5 18.Qc2 Nc4 19.Bf2 d5 20.b3 Nd6 21.e5 Nf5 22.Qd2 h5 23.Rfc1 f6 24.exf6 Bxf6
25.Rab1 Qd7 26.b4 cxb4 27.Rxb4 Bc6 28.Rb6 Bxa4 29.Rxe6 d4 30.Rxa6 dxc3 31.Qa2+  1-0

[Event "Slupsk op"]
[Site "Slupsk"]
[Date "1992.??.??"]
[Round "?"]
[White "Kveinys, Aloyzas"]
[Black "Sorokin, Maxim"]
[Result "1-0"]
[WhiteElo "2545"]
[BlackElo "2550"]

1.e4 c5 2.Nf3 e6 3.Nc3 Nc6 4.d4 cxd4 5.Nxd4 Nf6 6.Ndb5 Bb4 7.a3 Bxc3+ 8.Nxc3 d5
9.exd5 exd5 10.Bd3 O-O 11.O-O d4 12.Ne4 Bf5 13.Bg5 Bxe4 14.Bxe4 h6 15.Bh4 g5
16.Bxc6 bxc6 17.Bg3 Qd5 18.f4 Ne4 19.Qh5 Kg7 20.Rad1 Rad8 21.Rd3 c5 22.fxg5 hxg5
23.c3 f5 24.cxd4 cxd4 25.Rfd1 f4 26.Be1 Nf6 27.Qf3 Qe5 28.Bf2 g4 29.Qc6 Rfe8
30.Qa4 Kg6 31.Rxd4 Rxd4 32.Qxd4 Qxd4 33.Rxd4 Ne4 34.Ra4 Kf5 35.Ra5+ Kg6 36.Bxa7 Rd8
37.Kf1 Rd2 38.Re5 Nd6 39.Ke1 Rd3 40.Ke2 Kf6 41.Kxd3 Kxe5 42.Bb8  1-0

[Event "Alekhine op"]
[Site "Smolensk"]
[Date "1992.??.??"]
[Round "1"]
[White "Frolov, Artur"]
[Black "Kalegin, Evgenij"]
[Result "0-1"]
[WhiteElo "2510"]
[BlackElo "2370"]

1.e4 c5 2.Nf3 e6 3.d4 cxd4 4.Nxd4 Nc6 5.Nc3 Qc7 6.Be3 a6 7.Qd2 b5 8.O-O-O b4
9.Na4 Nf6 10.f3 Rb8 11.g4 h6 12.b3 d5 13.Nxc6 Qxc6 14.g5 hxg5 15.Bxg5 Bb7
16.Bd3 Bd6 17.h4 Qc7 18.Qe2 Bc6 19.Bxf6 gxf6 20.exd5 Bxa4 21.bxa4 b3 22.axb3 Qc3
23.Rdg1 Bb4  0-1

[Event "Alekhine op"]
[Site "Smolensk"]
[Date "1992.??.??"]
[Round "3"]
[White "Frolov, Artur"]
[Black "Samarin, Igor"]
[Result "1-0"]
[WhiteElo "2510"]
[BlackElo "2390"]

1.e4 c5 2.Nf3 e6 3.d4 cxd4 4.Nxd4 Nc6 5.Nc3 a6 6.Be3 Nf6 7.Bd3 d5 8.exd5 exd5
9.Qe2 Be7 10.Nxc6 bxc6 11.Bc5 Be6 12.Bxe7 Qxe7 13.O-O a5 14.Rfe1 O-O 15.Na4 Qb4
16.b3 Rfe8 17.c3 Qb8 18.Qf3 Ra7 19.Qg3 Qxg3 20.hxg3 Kf8 21.f3 Ke7 22.c4 Kd6
23.Rad1 Rae7 24.Kf2 h6 25.Re2 dxc4 26.Bxc4+ Bd5 27.Rc2 Rd8 28.Nc3 Red7 29.Be2 Ra7
30.Ne4+ Ke7 31.Nxf6 gxf6 32.Bc4 Bxc4 33.Rxd8 Bxb3 34.axb3 Kxd8 35.Rxc6 Ke7
36.Rb6 a4 37.bxa4 Rxa4 38.Rb8 Ra2+ 39.Kg1 Ra6 40.g4 Ra5 41.Rh8 f5 42.gxf5 Rxf5
43.Rxh6 Ra5 44.Rh8 Ra7 45.Kh2 Kf6 46.Rg8 Ra4 47.Kh3 Rb4 48.g3 Ra4 49.f4 Rb4
50.Kg4 Rb1 51.Rg5 Ra1 52.Rb5 Ra3 53.Rb6+ Kg7 54.Rc6 Rb3 55.Ra6 Rd3 56.Ra7 Kg6
57.Ra6+ Kg7 58.f5 Rf3 59.Kh4 Rc3 60.Ra5 Kf6 61.g4 Rb3 62.g5+ Kg7 63.Ra7 Kg8
64.Kg4 Rb1 65.Kf4 Rb5 66.Rd7 Ra5 67.Rb7 Rc5 68.Kg4 Rc1 69.Ra7 Rb1 70.Rc7 Ra1
71.Kf4 Ra5 72.f6 Ra8 73.Rb7 Ra4+ 74.Kf5 Ra5+ 75.Kg4 Ra1  1-0

[Event "Alekhine op"]
[Site "Smolensk"]
[Date "1992.??.??"]
[Round "8"]
[White "Frolov, Artur"]
[Black "Nevostrujev, Vladimir"]
[Result "0-1"]
[WhiteElo "2510"]
[BlackElo "2450"]

1.e4 c5 2.Nf3 e6 3.d4 cxd4 4.Nxd4 Nc6 5.Nc3 Qc7 6.Be3 Nf6 7.f3 a6 8.Qd2 b5
9.Nxc6 Qxc6 10.e5 b4 11.exf6 bxc3 12.Qxc3 Qxc3+ 13.bxc3 gxf6 14.Rb1 Bd6 15.Bd3 a5
16.Kf2 Ke7 17.c4 Ba6 18.c5 Bc7 19.g3 f5 20.Bxa6 Rxa6 21.Rb7 Rc6 22.Rhb1 h5
23.Ra7 h4 24.Rbb7 hxg3+ 25.hxg3 Rc8 26.f4 f6 27.Ke2 e5 28.Kd3 Ke6 29.Kc4 Bb6
30.Ra6 Bxc5 31.Rxc6+ Rxc6 32.Bxc5 d6 33.Rb5 e4 34.Kd4 Rxc5 35.Rb2 Rd5+ 36.Ke3 Rd1
37.Rb5 Rf1 38.Rxa5 Rf3+ 39.Kd4 Rxg3 40.Ra6 Rf3 41.a4 Rxf4 42.c4 Rf3 43.c5 Rd3+
44.Kc4 f4 45.c6 f3 46.Ra8 Rd1 47.Re8+ Kf7 48.Rxe4 d5+  0-1

[Event "BUL-ch sf"]
[Site "Sofia"]
[Date "1992.??.??"]
[Round "8"]
[White "Dobrev, Ivan"]
[Black "Mitov, Borislav"]
[Result "1-0"]
[WhiteElo "2355"]
[BlackElo "2235"]

1.e4 c5 2.Nf3 e6 3.d4 cxd4 4.Nxd4 Nc6 5.Nc3 a6 6.Be2 Qc7 7.O-O b5 8.a4 b4
9.Na2 Bb7 10.c3 bxc3 11.Nxc3 Nf6 12.Be3 Rc8 13.Rc1 Qa5 14.Nxc6 Rxc6 15.Qb3 Qb4
16.Qxb4 Bxb4 17.e5 Bxc3 18.Rxc3 Nd5 19.Rxc6 Bxc6 20.Bc5 Bxa4 21.Ra1 Bc6 22.Rxa6 f6
23.exf6 Nxf6 24.Bb5 Kf7 25.Bxc6 Rc8 26.Bxd7 Nxd7 27.Ra7 Rxc5 28.Rxd7+ Kf6
29.Rd1 Rb5 30.Rb1 Ke5 31.Kf1 Kd4 32.Ke2 e5 33.Rd1+ Ke4 34.Rd2 Rb3 35.Kd1 g5
36.Kc2 Rb7 37.Re2+ Kd4 38.f3 h5 39.Re4+ Kd5 40.h3 Ra7 41.Kb1 Rc7 42.b4 Rc3
43.Kb2 Rd3 44.b5 Rd2+ 45.Ka3 Rxg2 46.Rb4 g4 47.fxg4 hxg4 48.hxg4 Rg3+ 49.Ka4 Rg1
50.b6 Kc5 51.Kb3 Ra1 52.Kb2 Ra8 53.b7 Rb8 54.Kc3 Kd5 55.Kd3 Kc5 56.Rb1 Kd5
57.g5 e4+ 58.Ke3 Ke5 59.Rb5+ Ke6 60.Kxe4  1-0

[Event "St Martin op"]
[Site "St Martin"]
[Date "1992.??.??"]
[Round "5"]
[White "Benjamin, Joel"]
[Black "Zapata, Alonso"]
[Result "1-0"]
[WhiteElo "2555"]
[BlackElo "2515"]

1.e4 c5 2.Nf3 e6 3.d4 cxd4 4.Nxd4 Nc6 5.Nc3 Qc7 6.g3 d6 7.Bg2 Nxd4 8.Qxd4 Bd7
9.Bf4 e5 10.Nd5 Qb8 11.Qc4 exf4 12.Nc7+ Kd8 13.Nxa8 fxg3 14.hxg3 Qxa8 15.e5 Be6
16.Qb4 Qc8 17.O-O-O b6 18.exd6 Nf6 19.Qa4 a5 20.Bc6 Bd7 21.Bxd7 Nxd7 22.Qe4 Nf6
23.Qf3 Kd7 24.Qf5+ Kd8 25.Qf3 Kd7 26.Rd3 Bxd6 27.Rhd1 Ne8 28.Rc3 Qd8 29.Qf5+ Ke7
30.Re1+  1-0

[Event "Stare Mesto op"]
[Site "Stare Mesto"]
[Date "1992.??.??"]
[Round "?"]
[White "Milov, Leonid"]
[Black "Sideif Sade, Fikret I"]
[Result "1-0"]
[WhiteElo "2400"]
[BlackElo "2440"]

1.e4 c5 2.Nf3 e6 3.d4 cxd4 4.Nxd4 Nc6 5.Nc3 Qc7 6.f4 a6 7.Nxc6 Qxc6 8.Bd3 b5
9.Qe2 Bb7 10.Bd2 Bc5 11.Rf1 Ne7 12.Qh5 b4 13.Na4 d6 14.b3 d5 15.e5 a5 16.O-O-O Ba6
17.Bxa6 Rxa6 18.Qe2 Ra8 19.g4 g6 20.Kb1 h5 21.h3 Rc8 22.c3 hxg4 23.hxg4 bxc3
24.Bxc3 Bb4 25.Bb2 Qb7 26.Rc1 Rxc1+ 27.Rxc1 Nc6 28.f5 gxf5 29.gxf5 Nd8 30.Ka1 Rg8
31.Qh5 exf5 32.Qh7 Rf8 33.Qxf5 Ne6 34.Qf3 Ke7 35.Rd1 Rd8 36.a3 Bc5 37.Nxc5 Nxc5
38.Qf6+ Ke8 39.Rh1 Qb8 40.Qc6+ Kf8 41.Rh8+  1-0

[Event "Stockholm op"]
[Site "Stockholm"]
[Date "1992.??.??"]
[Round "?"]
[White "Wedberg, Tom"]
[Black "Cramling, Pia"]
[Result "1/2-1/2"]
[WhiteElo "2460"]
[BlackElo "2530"]

1.e4 c5 2.Nf3 e6 3.d4 cxd4 4.Nxd4 Nc6 5.Nc3 Qc7 6.g3 a6 7.Bg2 d6 8.O-O Be7
9.Re1 Bd7 10.Nxc6 Bxc6 11.a4 Nf6 12.a5 O-O 13.Be3 Nd7 14.Na4 Rae8 15.Nb6 f5
16.Nxd7 Qxd7 17.Qd3 fxe4 18.Bxe4 Bxe4 19.Qxe4  1/2-1/2